000 00546nam a2200193Ia 4500
999 _c3190
_d3190
003 OSt
005 20200812103222.0
008 190216s9999||||xx |||||||||||||| ||und||
020 _a9812530592
040 _coclc
082 _a547
_bSOL/O
100 _aSolomons, T W Graham
_94059
245 0 _aOrganic Chemistry /
_cT W Graham Solomons ; Craig B Fryhle
250 _a8th Ed.
260 _bJohn Wiley And Sons,
_c2004.
_aNew York:
300 _a1255p
650 _aChemistry
942 _cBK
_2ddc
_h547
_iSOL/O
_k547
_mSOL/O